000
00279pab a2200121 454500
008
180718b xxu||||| |||| 00| 0 eng d
100
_a
Mukhi, M.D.
245
_a
Japanese style of management
650
_a
Japan
650
_a
Management
773
_a
Economic Times
909
_a
22705
999
_c
22705
_d
22705